Quizzes
Events
Quiz Creation
Community
Videos
Private Events
Remove Ads
Sign In
Join for FREE
Feedback
Dark Mode
Quiz Categories
Sports
Geography
Music
Movies
Television
Just For Fun
Miscellaneous
History
Literature
Language
Science
Gaming
Entertainment
Religion
Holiday
For Kids
Quiz Lab
Recent
Popular Today
Quiz Kudos Today
Editor Picks
Curator Picks
Quizzes by...
Day
Popularity
Type
Ratings
Length
Year
Community
Subscriptions
Recent Discussions
Orange Saloon
Badges
Playlists
Quests
Create
Leaderboards
Showdown
Live 5
Trivia Bingo
Activity
Puzzle Library
Sporcle Events
Private Events
Virtual Trivia
Globe League
Become a Host
Pub Owners
SporcleCon
Opinionation
Our Games
Videos
Blog
Mobile Apps
Partnerships
Remove Ads and Go Orange
Feedback
Sports
Athletes
MLB
NBA
NHL
NFL
Soccer
Sports Teams
WWE
NCAA
Football
Premier League
Basketball
Baseball
Hockey
Golf
Tennis
Cricket
Rugby
Auto Racing
Olympics
World Cup
Sports
Athletes
MLB
NBA
NHL
NFL
Soccer
Sports Teams
WWE
NCAA
Football
Premier League
Basketball
Baseball
Hockey
Golf
Tennis
Cricket
Rugby
Auto Racing
Olympics
World Cup
Random Quiz
Search Sporcle
×
Editor Pick
Editor Pick
Sports
Tennis
Type in answers that appear in a list
Type in answers that appear in a list
Classic
Best Score? Go Orange.
Mens 4th Round Wimbledon 2003-2021 Stats
Can you name the Mens 4th Round Wimbledon 2003-2021?
By
stulaw78
15m
288 Questions
12.3K Plays
12,294 Plays
12,294 Plays
Comments
Comments
Give Quiz Kudos
Give Quiz Kudos
-
- Ratings
hide this ad
More Info
Replay
Link that replays current quiz
Next Quiz
Link to next quiz in quiz playlist
You Got
0%
They Got
Avg Score
46%
Avg Friend Score
Upgrade to see
Score Distribution
Jump to the score distribution portion of the page
Score
0/288
Timer
15:00
1
Play Today
Year
Name
% Correct
2019
Rafael Nadal
99.7%
2019
Novak Djokovic
99.7%
2018
Rafael Nadal
99.7%
2009
Roger Federer
99.6%
2008
Roger Federer
99.6%
2017
Rafael Nadal
99.6%
2007
Roger Federer
99.6%
2006
Roger Federer
99.6%
2005
Roger Federer
99.6%
2004
Roger Federer
99.6%
2003
Roger Federer
99.6%
2012
Roger Federer
99.6%
2014
Rafael Nadal
99.6%
2014
Roger Federer
99.6%
2017
Roger Federer
99.6%
2008
Rafael Nadal
99.5%
2007
Rafael Nadal
99.5%
2006
Rafael Nadal
99.5%
2019
Roger Federer
99.5%
2018
Roger Federer
99.5%
2016
Roger Federer
99.5%
2015
Roger Federer
99.5%
2018
Novak Djokovic
99.4%
2017
Novak Djokovic
99.3%
2014
Novak Djokovic
99%
2013
Novak Djokovic
98.9%
2015
Novak Djokovic
98.9%
2017
Andy Murray
98.9%
2014
Andy Murray
98.9%
2013
Andy Murray
98.8%
2016
Andy Murray
98.8%
2015
Andy Murray
98.6%
2012
Andy Murray
98.2%
2010
Roger Federer
98.1%
2010
Rafael Nadal
98.1%
2012
Novak Djokovic
97.9%
2009
Andy Murray
97.9%
2008
Andy Murray
97.9%
2006
Andy Murray
97.9%
2009
Novak Djokovic
97.3%
2007
Novak Djokovic
97.3%
2006
Novak Djokovic
97.3%
2021
Marton Fucsovics
96.9%
2010
Andy Murray
96.5%
2010
Novak Djokovic
96%
2017
Marin Cilic
94.4%
2014
Jo-Wilfried Tsonga
93.7%
2016
Jo-Wilfried Tsonga
93.5%
2018
Kevin Anderson
93.4%
2009
Andy Roddick
93.3%
2007
Andy Roddick
93.3%
2005
Andy Roddick
93.3%
2004
Andy Roddick
93.3%
2003
Andy Roddick
93.3%
2018
John Isner
92.5%
2016
Marin Cilic
92.4%
2017
Milos Raonic
92.2%
2016
Milos Raonic
92%
2010
Andy Roddick
91.8%
2018
Milos Raonic
91.8%
2013
David Ferrer
91.8%
2019
Matteo Berrettini
91.7%
2015
Marin Cilic
91.2%
2018
Juan Martin del Potro
90.5%
2003
Andre Agassi
90.4%
2021
Christian Garin
90.3%
2017
Tomas Berdych
90.2%
2021
Hubert Hurkacz
89.9%
2014
Marin Cilic
89.8%
2016
Tomas Berdych
89.8%
2014
Milos Raonic
89.7%
2013
Tomas Berdych
89.7%
2017
Kevin Anderson
89.3%
2015
Tomas Berdych
89%
2015
Stanislas Wawrinka
89%
2016
Richard Gasquet
88.8%
2012
David Ferrer
88.7%
2018
Gael Monfils
88.5%
2015
Richard Gasquet
88.3%
2014
Stanislas Wawrinka
88.2%
2009
Lleyton Hewitt
88%
2008
Lleyton Hewitt
88%
2007
Lleyton Hewitt
88%
2006
Lleyton Hewitt
88%
2005
Lleyton Hewitt
88%
2004
Lleyton Hewitt
88%
2013
Juan Martin Del Potro
87.3%
2012
Jo Wilfried Tsonga
86.7%
2010
Lleyton Hewitt
86.6%
2019
Kei Nishikori
86.3%
2006
David Ferrer
86.2%
2021
Lorenzo Sonego
85.6%
2018
Kei Nishikori
85.5%
2019
Roberto Bautista Agut
85.3%
2007
Jo Wilfried Tsonga
85.3%
2010
David Ferrer
85.1%
Year
Name
% Correct
2010
Jo Wilfried Tsonga
84.2%
2017
Sam Querrey
83.6%
2016
Kei Nishikori
83.6%
2019
Sam Querrey
83.2%
2017
Alexander Zverev
82.7%
2011
Roger Federer
82.4%
2011
Rafael Nadal
82.3%
2012
Juan Martin Del Potro
81.5%
2014
Kei Nishikori
81.4%
2011
Andy Murray
81.2%
2011
Novak Djokovic
81%
2016
Sam Querrey
80.6%
2015
Kevin Anderson
80.3%
2018
Gilles Simon
80.3%
2017
Dominic Thiem
79.8%
2017
Grigor Dimitrov
79.6%
2014
Grigor Dimitrov
79.1%
2016
Nick Kyrgios
78.1%
2019
David Goffin
77.8%
2015
Nick Kyrgios
76.8%
2009
Tomas Berdych
76.8%
2007
Tomas Berdych
76.8%
2006
Tomas Berdych
76.8%
2015
Gilles Simon
76.6%
2013
Tommy Haas
76.4%
2010
Tomas Berdych
76.1%
2013
Fernando Verdasco
74.6%
2021
Denis Shapovalov
74.5%
2014
Kevin Anderson
74.3%
2004
Tim Henman
74.3%
2003
Tim Henman
74.3%
2011
David Ferrer
73.5%
2014
Nick Kyrgios
73%
2014
Feliciano Lopez
72.9%
2021
Novak Djokovic
72.2%
2011
Jo Wilfried Tsonga
72%
2017
Roberto Bautista Agut
70.6%
2008
Marat Safin
70.5%
2021
Karen Khachanov
69.7%
2012
Richard Gasquet
69.7%
2018
Stefanos Tsitsipas
68.8%
2021
Matteo Berrettini
68.3%
2008
Richard Gasquet
67.5%
2007
Richard Gasquet
67.5%
2005
Richard Gasquet
67.5%
2013
Mikhail Youzhny
67.1%
2011
Juan Martin Del Potro
67.1%
2005
David Nalbandian
66.8%
2003
David Nalbandian
66.8%
2016
David Goffin
66.2%
2012
Marin Cilic
65.9%
2013
Jerzy Janowicz
65.8%
2015
David Goffin
64.8%
2011
Tomas Berdych
64.2%
2015
Ivo Karlovic
64.1%
2009
Tommy Haas
63.3%
2007
Tommy Haas
63.3%
2008
Marin Cilic
61.7%
2014
Tommy Robredo
61.3%
2009
Stanislas Wawrinka
60.8%
2008
Stanislas Wawrinka
60.8%
2016
Bernard Tomic
60.7%
2009
Juan Carlos Ferrero
60.5%
2007
Juan Carlos Ferrero
60.5%
2005
Juan Carlos Ferrero
60.5%
2003
Juan Carlos Ferrero
60.5%
2013
Bernard Tomic
60.4%
2009
Robin Soderling
59.9%
2018
Karen Khachanov
59.8%
2009
Fernando Verdasco
58.9%
2008
Fernando Verdasco
58.9%
2006
Fernando Verdasco
58.9%
2010
Robin Soderling
58.9%
2016
Lucas Pouille
58.7%
2017
Gilles Muller
57.7%
2011
Richard Gasquet
57.7%
2018
Ernests Gulbis
57.2%
2012
Mardy Fish
56.1%
2007
Nikolay Davydenko
55.1%
2017
Benoit Paire
54.9%
2015
Viktor Troicki
54.5%
2019
Milos Raonic
53.9%
2004
Mark Philippoussis
53.3%
2003
Mark Philippoussis
53.3%
2016
Nicolas Mahut
52.9%
2009
Gilles Simon
52.8%
2013
Jurgen Melzer
52.8%
2012
Mikhail Youzhny
52.5%
2013
Andreas Seppi
52.2%
2008
Feliciano Lopez
51.9%
2008
Marcos Baghdatis
51.9%
2007
Marcos Baghdatis
51.9%
2006
Marcos Baghdatis
51.9%
2005
Feliciano Lopez
51.9%
2003
Feliciano Lopez
51.9%
2021
Alexander Zverev
50.1%
Year
Name
% Correct
2008
Mikhail Youzhny
49.2%
2007
Mikhail Youzhny
49.2%
2005
Mikhail Youzhny
49.2%
2018
Adrian Mannarino
47.8%
2004
Carlos Moya
47.8%
2010
Sam Querrey
47.5%
2011
Mardy Fish
47.2%
2017
Adrian Mannarino
46.2%
2021
Roberto Bautista Agut
45.5%
2014
Leonardo Mayer
44.8%
2008
Janko Tipsarevic
44.5%
2007
Janko Tipsarevic
44.5%
2011
Feliciano Lopez
44.5%
2019
Joao Sousa
44.4%
2009
Ivo Karlovic
44.4%
2004
Ivo Karlovic
44.4%
2019
Benoit Paire
44.2%
2005
Fernando Gonzalez
43.6%
2011
Mikhail Youzhny
43.6%
2008
Mario Ancic
43.5%
2006
Mario Ancic
43.5%
2005
Mario Ancic
43.5%
2004
Mario Ancic
43.5%
2014
Jeremy Chardy
43.5%
2012
Philipp Kohlschreiber
43%
2005
Thomas Johansson
41.9%
2004
Joachim Johansson
41.9%
2005
Sebastien Grosjean
41.6%
2004
Sebastien Grosjean
41.6%
2003
Sebastien Grosjean
41.6%
2016
Steve Johnson
41%
2015
Vasek Pospisil
40.8%
2013
Lukasz Kubot
40.5%
2011
Bernard Tomic
39.5%
2019
Guido Pella
39.2%
2005
Guillermo Coria
38.8%
2015
Roberto Bautista-Agut
38.7%
2012
Viktor Troicki
37.8%
2012
Xavier Malisse
37.7%
2009
Radek Stepanek
37.4%
2006
Radek Stepanek
37.4%
2021
Andrey Rublev
37.1%
2010
Jurgen Melzer
37.1%
2004
Xavier Malisse
36.1%
2013
Adrian Mannarino
35.5%
2007
Jonas Bjorkman
35.3%
2006
Jonas Bjorkman
35.3%
2003
Jonas Bjorkman
35.3%
2008
Arnaud Clement
34.7%
2021
Sebastian Korda
34.3%
2019
Ugo Humbert
33.8%
2021
Daniil Medvedev
33.4%
2019
Tennys Sandgren
32.3%
2008
Rainer Schuttler
32%
2003
Rainer Schuttler
32%
2011
Xavier Malisse
31.5%
2012
Florian Mayer
31.2%
2018
Jiri Vesely
30.9%
2021
Felix Auger-Aliassime
28.9%
2019
Mikhail Kukushkin
28.2%
2016
Jiri Vesely
28.1%
2004
Florian Mayer
27.4%
2006
Jarkko Nieminen
26.7%
2010
Julien Benneteau
26.4%
2018
Mackenzie McDonald
26.4%
2010
Lu Yen-hsun
25.7%
2013
Ivan Dodig
25.5%
2011
Michael Llodra
25.4%
2004
Sjeng Schalken
23.2%
2003
Sjeng Schalken
23.2%
2011
Lukasz Kubot
22.8%
2004
Robby Ginepri
22.7%
2021
Ilya Ivashka
22.4%
2007
Paul Henri Mathieu
22.1%
2003
Olivier Rochus
21.9%
2010
Paul Henri Mathieu
21.8%
2021
Roger Federer
20.3%
2012
Denis Istomin
20%
2006
Dmitry Tursunov
19.8%
2005
Dmitry Tursunov
19.8%
2003
Paradorn Srichaphan
19.6%
2009
Igor Andreev
19.3%
2013
Kenny de Schepper
18.9%
2015
Denis Kudla
18.4%
2006
Max Mirnyi
18.4%
2005
Max Mirnyi
18.4%
2003
Max Mirnyi
18.4%
2005
Taylor Dent
17.5%
2019
Fernando Verdasco
14.7%
2012
Brian Baker
12.9%
2004
Alexander Popp
12.8%
2003
Alexander Popp
12.8%
2009
Dudi Sela
12.6%
2004
Vince Spadea
11.4%
2010
Daniel Brands
9.3%
2006
Irakli Labadze
6.6%
Quiz Playlist
Details
Report
Send in Message
Add To Playlist
More Info:
Players that have reached atleast the 4th round of Wimbledon during 2003-2021
Classic:
Type in answers that appear in a list
Last Updated: Feb 23, 2022
Editor Pick in
Sports
Quiz Scoreboard
CHALLENGE
Sign Up to Join the Scoreboard
Show All
Scores
Hide
Comments
May contain spoilers
Recently Published
Presidents Visiting Landmarks
by Hejman
History
7m
An Introduction to Baseball
by treessimontrees
Sports
5m
Movies - When Are They Set?
by FPL_Elf
Movies
5m
More to Explore
Quiz From the Vault
Featured Blog Post
Where Did the Easter Bunny Come From?
hide this ad
You Might Also Like...
Tags
Tennis Quiz
2000s
4th
ATP
Grand Slam
men
round
Wimbledon
Today's Top Quizzes in Sports
Browse Sports
hide this ad
Today's Top Quizzes in Tennis
Browse Tennis
Top Contributed Quizzes in Sports
1
Les meilleurs buteurs des matchs entre le PSG et l’OM
2
2022 World Cup Stars
3
FIFA Club World Cup Champions
4
Les entraîneurs de l'OM et du PSG au 21e siècle
5
Name the Premier League winners with different clubs
6
La finale Lions - Afrique du Sud 2021
7
5-to-1: UK Sports Teams
8
England Test cricketers to play under Nasser Hussain
9
Players with Multiple 50 Home Run Seasons
10
AFC Teams Reveal (Wrong Answers Minefield)
Explore More
Trending Topics
Anime
NBA
Harry Potter
Kpop
Marvel
Crossword
Disney
Pokémon
Song
Soccer
Country
The Office
NFL
Puzzle
WWE
hide this ad
More By:
stulaw78
Quiz
Plays
Rating
Category
Featured
Created
Mens 4th Round Wimbledon 2003-2021
12,294
4.57
Sports
May 23, 2010
England Test Cricketers 80's
7,490
4.82
Sports
Feb 24, 2010
ATP Tennis End of Year top 10 Rankings
7,290
5.00
Sports
Jan 6, 2011
England Test Cricketers 2000s
7,212
4.75
Sports
Feb 24, 2010
England Test Cricketers 1990's
6,768
5.00
Sports
Feb 24, 2010
Go to Creator's Profile
Score Distribution
Quiz Creator Spotlight
stulaw78
Follow
Send a Message
Quizzes Created
-
Created Quiz Play Count
-
More By This Creator
Popular Quizzes Today
1
Find the US States - No Outlines Minefield
2
Find the Countries of Europe - No Outlines Minefield
3
The Countries of the World
4
Find the US States
5
Popular People in 1961
6
US States
7
Risky Map Clicking: Biggest States A-Z
8
1-10 Letter E Words III
More Sports Quizzes
Marco Reus' Hat-trick XI's
Quiz Lab
Trending Quizzes
Risky Map Clicking: Least Populous States A-Z
1-10 Letter G Words
1-10 Letter F Words
One Thing in Common: United Kingdom
Risky Map Clicking: Next State Alphabetically
Recently Updated
Leaping Animals
pecheneg
Reality TV Shows (A-Z)
bhenderson79
Rickey Henderson's Hall of Fame Teammates
pecheneg
Champions League XIs: Arsenal
pecheneg
Quick Pick: Celebrities in WWE's Hall of Fame
aduchscher
A-Z Keypad Blitz II
pecheneg
Multiple Oscar Actors
pecheneg
Mystery Phrase Blitz: Oscar 'Best Actors'
pecheneg
F. Scott Fitzgerald Novels
LTH
Pick 3 Villains
ddd62291
Trending Topics
Harry Potter
NBA
Disney
Crossword
Kpop
Marvel
Anime
Puzzle
Song
WWE
NFL
The Office
Soccer
Country
Pokémon
Your Account Isn't Verified!
In order to create a playlist on Sporcle, you need to verify the email address you used during registration. Go to your
Sporcle Settings
to finish the process.
Report this User
Report this user for behavior that violates our
Community Guidelines
.
Details:
Send Report
Go to the Sporcle.com Mobile Site →
Comments